Дружат дети всей земли (Запись № 12165316)

Подробности
000 -МАРКЕР
контрольное поле 03012ncm0a2200445 4500
001 - ИДЕНТИФИКАТОР ЗАПИСИ
контрольное поле RU\NLR\ONIZ\219541
005 - ИДЕНТИФИКАТОР ВЕРСИИ
контрольное поле 20250626085133.0
013 ## - МЕЖДУНАРОДНЫЙ СТАНДАРТНЫЙ НОМЕР ИЗДАНИЯ МУЗЫКАЛЬНОГО ПРОИЗВЕДЕНИЯ (ISMN)
Номер (ISMN) 979-0-706395-26-5
021 ## - НОМЕР ГОСУДАРСТВЕННОЙ РЕГИСТРАЦИИ
Код страны Российская Федерация
Номер 17-193н
Номер Листа государственной регистраци 17-12н
035 ## - ДРУГИЕ СИСТЕМНЫЕ НОМЕРА
Идентификатор записи RU\NLR\ONIZ\lanatalya\5000005304\20170908152125
035 ## - ДРУГИЕ СИСТЕМНЫЕ НОМЕРА
Идентификатор записи (NLR Aleph) 011535128
100 ## - ДАННЫЕ ОБЩЕЙ ОБРАБОТКИ
Данные общей обработки 20170908d2016 |||y0rusy50 ca
101 0# - ЯЗЫК РЕСУРСА
Язык текста, звукозаписи и т.д. русский
102 ## - СТРАНА ПУБЛИКАЦИИ ИЛИ ПРОИЗВОДСТВА
Страна публикации Российская Федерация
125 ## - ПОЛЕ КОДИРОВАННЫХ ДАННЫХ: ЗВУКОЗАПИСИ И НОТНЫЕ ИЗДАНИЯ
Форма изложения нотного текста zx
145 0# - ПОЛЕ КОДИРОВАННЫХ ДАННЫХ: СРЕДСТВО ИСПОЛНЕНИЯ МУЗЫКАЛЬНОГО ПРОИЗВЕДЕНИЯ (УСТАРЕВШЕЕ)
Тип средства исполнения c
200 1# - ЗАГЛАВИЕ И СВЕДЕНИЯ ОБ ОТВЕТСТВЕННОСТИ
Основное заглавие Дружат дети всей земли
Общее обозначение материала Ноты
Сведения, относящиеся к заглавию произв. для дет. и юнош. хора [ без сопровожд. и в сопровожд. фп.]
Обозначение и номер части Ч. 1
Наименование части Народная музыка
Первые сведения об ответственности сост. Т. А. Жданова, Е. А. Дунаева, Т. И. Хайлова
210 ## - ПУБЛИКАЦИЯ, РАСПРОСТРАНЕНИЕ И ДР.
Место издания, распространения и т.д. Москва
Имя издателя, распространителя и т. д. Радость
Дата издания, распространения и т.д. 2016
215 ## - ФИЗИЧЕСКАЯ ХАРАКТЕРИСТИКА
Специфическое обозначение материала и объем 151, [5] с.
Другие сведения о физической характеристике ил.
Размеры 29 см
300 ## - ОБЩИЕ ПРИМЕЧАНИЯ
Текст примечания В надзаг.: Моск. гор. комплекс. целевая программа воспитания молодёжи "Поют дети Москвы"
313 ## - ПРИМЕЧАНИЯ, ОТНОСЯЩИЕСЯ К ТЕМАТИЧЕСКОМУ ДОСТУПУ
Текст примечания Систематизация документа проведена по изданию - Методика классифицирования музыкальных произведений (нотных изданий) по таблицам Библиотечно-библиографических классификаций : метод. рекомендации / Гос. б-ка СССР им. В.И. Ленина.- М., 1977. Индексу ББК методических рекомендаций присваивается код ББК для научных библиотек - LBC/SL
327 1# - ПРИМЕЧАНИЯ О СОДЕРЖАНИИ
Текст примечания Дружат дети всей Земли / Д. Львов-Компанеец ; сл. В. Викторова. Дружат дети на планете / Ю. Чичков ; сл. М. Пляцковского. Во кузнице : пляска с хором из оперы "В бурю" / Т. Хренников. Поппури на темы трёх популярных песен / Т. Жданова. Народные песни разных стран (23)
686 ## - ИНДЕКСЫ ДРУГИХ КЛАССИФИКАЦИЙ
Индекс Щ941.8я43
Издание LBC/SL
Код системы
686 ## - ИНДЕКСЫ ДРУГИХ КЛАССИФИКАЦИЙ
Индекс Щ941.8-092я43
Издание LBC/SL
Код системы
702 #1 - ИМЯ ЛИЦА - ВТОРИЧНАЯ ОТВЕТСТВЕННОСТЬ
Системный номер авторитетной/нормативной записи z04790
Начальный элемент ввода Жданова
Часть имени, кроме начального элемента ввода Т. А.
Расширение инициалов личного имени Татьяна Александровна
Код отношения Составитель
Графика поля Кириллица
702 #1 - ИМЯ ЛИЦА - ВТОРИЧНАЯ ОТВЕТСТВЕННОСТЬ
Системный номер авторитетной/нормативной записи z05790
Начальный элемент ввода Дунаева
Часть имени, кроме начального элемента ввода Е. А.
Расширение инициалов личного имени Екатерина Александровна
Код отношения Составитель
Графика поля Кириллица
702 #1 - ИМЯ ЛИЦА - ВТОРИЧНАЯ ОТВЕТСТВЕННОСТЬ
Системный номер авторитетной/нормативной записи z06790
Начальный элемент ввода Хайлова
Часть имени, кроме начального элемента ввода Т. И.
Расширение инициалов личного имени Татьяна Ивановна
Код отношения Составитель
790 #1 - ИМЯ ЛИЦА - АЛЬТЕРНАТИВНАЯ ФОРМА
Системный номер авторитетной/нормативной записи z04702
Начальный элемент ввода Ždanova
Часть имени, кроме начального элемента ввода T. A.
Расширение инициалов личного имени Tat`jana Alksandrovna
Код отношения Составитель
Графика поля Латинская
790 #1 - ИМЯ ЛИЦА - АЛЬТЕРНАТИВНАЯ ФОРМА
Системный номер авторитетной/нормативной записи z05702
Начальный элемент ввода Dunaeva
Часть имени, кроме начального элемента ввода E. A.
Расширение инициалов личного имени Ekaterina Aleksandrovna
Код отношения Составитель
Графика поля Латинская
790 #1 - ИМЯ ЛИЦА - АЛЬТЕРНАТИВНАЯ ФОРМА
Системный номер авторитетной/нормативной записи z06702
Начальный элемент ввода Chajlova
Часть имени, кроме начального элемента ввода T. I.
Расширение инициалов личного имени Tat`jana Ivanovna
Код отношения Составитель
Графика поля Латинская
801 #0 - ИСТОЧНИК ЗАПИСИ
Страна Российская Федерация
Организация NLR
Дата составления 20170908
Правила каталогизации PSBO
801 #1 - ИСТОЧНИК ЗАПИСИ
Страна Российская Федерация
Организация NLR
Дата составления 20170908
Источник данных rusmarc
801 #2 - ИСТОЧНИК ЗАПИСИ
Страна Российская Федерация
Организация NLR
Дата составления 20190921
852 ## - МЕСТОНАХОЖДЕНИЕ И ШИФР ХРАНЕНИЯ
Идентификатор организации NLR
Наименование фонда или коллекции (Sub-Location Identifier) М
Шифр хранения (Call Number) 3/11722(1)
Страна
Номер экземпляра 1
852 ## - МЕСТОНАХОЖДЕНИЕ И ШИФР ХРАНЕНИЯ
Идентификатор организации NLR
Наименование фонда или коллекции (Sub-Location Identifier) М
Шифр хранения (Call Number) 3/11722(1)а
Страна
Номер экземпляра 2
942 ## - ДОПОЛНИТЕЛЬНЫЕ ЭЛЕМЕНТЫ ЗАПИСИ (АБИС)
Тип экземпляра АБИС Ноты
980 ## - КОЛЛЕКЦИЯ
Название коллекции Национальная библиография
980 ## - КОЛЛЕКЦИЯ
Название коллекции Отдел нот и звукозаписей
Экземпляры
Тип экземпляра Дата поступления Библиотека постоянного хранения Библиотека текущего хранения Место хранения Шифр хранения Статус экземпляра
Ноты 08.09.2017 РНБ (Московский) РНБ (Московский) Фонд нот и звукозаписей 3/11722(1) 3/11722(1)  
Ноты 08.09.2017 РНБ (Московский) РНБ (Московский) Фонд нот и звукозаписей 3/11722(1)а 3/11722(1)а